Văn học Việt Nam thế kỷ XX Kịch bản nói (1900 - 1945) Q.6 Chén thuốc độc, Tòa án lương tâm/ Vũ Đình Long. Bạn và vợ/ Hoa Sơn Nguyễn Hữu Kim. Nặng nghĩa tớ thầy/ Tương Huyền
v.v...
Đã lưu trong:
| Tác giả chính: | |
|---|---|
| Định dạng: | Sách |
| Năm xuất bản: |
H.
Văn học
2007
|
| Chủ đề: | |
| Tags: |
Thêm thẻ
Không có thẻ, Hãy là người đầu tiên gắn thẻ bản ghi này!
|
| LEADER | 01472nam a2200229 4500 | ||
|---|---|---|---|
| 082 | |a 895.92223208 |b V114h | ||
| 100 | |a Phan Trọng Thưởng | ||
| 245 | |a Văn học Việt Nam thế kỷ XX |c Phan Trọng Thưởng biên soạn và tuyển chọn |n Q.6 |b Kịch bản nói (1900 - 1945) |p Chén thuốc độc, Tòa án lương tâm/ Vũ Đình Long. Bạn và vợ/ Hoa Sơn Nguyễn Hữu Kim. Nặng nghĩa tớ thầy/ Tương Huyền | ||
| 260 | |a H. |b Văn học |c 2007 | ||
| 300 | |a 1213 tr. |c 24 cm | ||
| 520 | |a v.v... | ||
| 653 | |a Văn hoc hiện đại | ||
| 653 | |a Thế kỷ 20 | ||
| 653 | |a Việt Nam | ||
| 653 | |a Kịch bản | ||
| 653 | |a Kịch nói | ||
| 942 | |2 ddc |c STK0 | ||
| 999 | |c 1950 |d 1950 | ||
| 952 | |0 0 |1 0 |2 ddc |4 0 |6 895_922232080000000_V114H |7 1 |8 800 |9 29511 |a qbu |b qbu |c D5 |d 2014-12-11 |g 243000 |o 895.92223208 V114h |p 5263.c1 |r 0000-00-00 |w 2014-12-11 |y STK0 |0 0 |6 895_922232080000000_V114H | ||
| 952 | |0 0 |1 0 |2 ddc |4 0 |6 895_922232080000000_V114H |7 0 |8 800 |9 29512 |a qbu |b qbu |c D5 |d 2014-12-11 |g 243000 |o 895.92223208 V114h |p 5263.c2 |r 0000-00-00 |w 2014-12-11 |y STK0 |0 0 |6 895_922232080000000_V114H | ||
| 952 | |0 0 |1 0 |2 ddc |4 0 |6 895_922232080000000_V114H |7 0 |8 800 |9 29513 |a qbu |b qbu |c D5 |d 2014-12-11 |g 243000 |o 895.92223208 V114h |p 5263.c3 |r 0000-00-00 |w 2014-12-11 |y STK0 |0 0 |6 895_922232080000000_V114H | ||
| 952 | |0 0 |1 0 |2 ddc |4 0 |6 895_922232080000000_V114H |7 0 |8 800 |9 29514 |a qbu |b qbu |c D5 |d 2014-12-11 |g 243000 |o 895.92223208 V114h |p 5263.c4 |r 0000-00-00 |w 2014-12-11 |y STK0 |0 0 |6 895_922232080000000_V114H | ||